000 00349nas a22001337a 4500
001 T027600011360-00
008 190830b xxu||||| |||| 00| 0 esp |
040 _aFEVP
_cFEVP
245 _aRevista del CLAD Reforma y Democracia.
260 _c2011
300 _a270 p.
650 _aProtección del Medio Ambiente--Administración--España
942 _cREV
999 _c15763
_d15763